| 000 | 01741cam a22004694i 4500 | ||
|---|---|---|---|
| 003 | PE-LiUPU | ||
| 005 | 20250731172945.0 | ||
| 008 | 150623s1986 ne rb 000 0 eng d | ||
| 020 | _a9023221753 | ||
| 035 | _a(Sirsi) i9789023221753 | ||
| 040 |
_aPE-LiUPU _bspa _cPE-LiUPU _erda |
||
| 049 | _aPRUA | ||
| 082 | 0 | 4 |
_a222.406 _bF73 _221 |
| 100 | 1 |
_aFokkelman, J.P., _eautor. |
|
| 245 | 1 | 0 |
_aNarrative art and poetry in the books of Samuel : _ba full interpretation based on stylistic and structural analyses Vol. II: The crossing fates (I Sam. 13-31 & II Sam. 1). _n2 / _cJ. P. Fokkelman. |
| 264 | 1 |
_aAssen, The Netherlands : _bVan Gorcum, _c1986. |
|
| 300 |
_a796 páginas ; _c24 centímetros. |
||
| 336 |
_atext _2rdacontent |
||
| 337 |
_aunmediated _2rdamedia |
||
| 338 |
_avolume _2rdacarrier |
||
| 490 | 0 |
_aStudia semítica Neerlandica ; _v23 |
|
| 504 | _aIncluye bibliografía. | ||
| 505 | 0 | _aI Sam. 13-16 -- I Sam. 17-19 -- I Sam. 20-23:13 -- Isam. 27-31 -- II Sam. 1. | |
| 526 | _aSEG42 | ||
| 526 | _aSEG41 | ||
| 526 | _aSEG40 | ||
| 526 | _aSEG39 | ||
| 526 | _aP94 | ||
| 526 | _aP87 | ||
| 526 | _aP86 | ||
| 526 | _aP85 | ||
| 526 | _aP77 | ||
| 526 | _aP76 | ||
| 526 | _aP35 | ||
| 630 |
_aBiblia. _pA.T. _pSamuel I, II _xCrítica, interpretación, etc. |
||
| 942 |
_2ddc _cBOOK |
||
| 949 |
_a222.406 F73 2 _wDEWEY _c1 _i44732 _lCCODEBUL1 _mBUL _r0 _sY _tBOOK _u2015-6-24 _xTEOLOGIA _PP35 _0COMPRA _o.STAFF. Colección General |
||
| 994 |
_aC0 _bPEPRU |
||
| 596 | _a1 | ||
| 999 |
_a222.406 F73 2 _wDEWEY _c21597 _i44732 _d21597 _e2017-9-5 _f2021-11-9 _g5 _lCCODEBUL1 _mBUL _n1 _p30.00 _r0 _sY _tBOOK _u2015-6-24 _xTEOLOGIA _PP35 _0COMPRA _o.STAFF. Colección Teología |
||
| 980 |
_81 _gALBERTO SANCHEZ Responsable de Automatización |
||